| 000 | 00689nam a2200205Ia 4500 | ||
|---|---|---|---|
| 001 | 5659 | ||
| 003 | GE_BSU | ||
| 008 | 181216s||||||||xx |||||||||||||| ||und|| | ||
| 040 | _cGE_BSU | ||
| 080 | _a51(072)(075.8) | ||
| 100 | _aКудрявцев Л.Д. | ||
| 245 | _aСовременная математика и ее преподавание.. | ||
| 245 | _bУчеб пособие для. студ. математических спец. ун-тов и пед. ин-тов | ||
| 260 | _aМосква | ||
| 260 | _bНаука | ||
| 260 | _c1980 | ||
| 300 | _a142с.20 см. | ||
| 653 | _aСовременная математика и ее преподавание. | ||
| 942 | _cBK | ||
| 999 |
_c39090 _d39090 |
||